Derecho notarial (Record no. 79894)
[ view plain ]
| 000 -LEADER | |
|---|---|
| campo de control de longitud fija | 00522nam a2200145 i 4500 |
| 001 - NÚMERO DE CONTROL | |
| campo de control | 79894 |
| 003 - IDENTIFICADOR DE NÚMERO DE CONTROL | |
| campo de control | ES-MaACL |
| 007 - CAMPO FIJO DE DESCRIPCIÓN FÍSICA--INFORMACIÓN GENERAL | |
| campo de control de longitud fija | t| |
| 008 - DATOS DE LONGITUD FIJA--INFORMACIÓN GENERAL | |
| campo de control de longitud fija | 041025s1946 sp ||||1| spa d |
| 100 1# - ENTRADA PRINCIPAL--NOMBRE DE PERSONA | |
| Nombre de persona | Herrán de las Pozas, José Pablo de la. |
| 9 (RLIN) | 63153 |
| 245 10 - MENCIÓN DEL TÍTULO | |
| Título | Derecho notarial |
| Resto del título | : ajustado al programa de oposiciones libres a notarios, de 14 de septiembre de 1945 / |
| Mención de responsabilidad, etc. | José Pablo de la Herrán de las Pozas. |
| 260 ## - PUBLICACIÓN, DISTRIBUCIÓN, ETC. | |
| Lugar de publicación, distribución, etc. | Madrid : |
| Nombre del editor, distribuidor, etc. | M. Aguilar, |
| Fecha de publicación, distribución, etc. | 1946 ( |
| Fabricante | Orbe) |
| 300 ## - DESCRIPCIÓN FÍSICA | |
| Extensión | 443 p. ; |
| Dimensiones | 19 cm. |
| 852 ## - LOCALIZACIÓN | |
| Ubicación | ES-MaACL |
| Número de control de estantería | E-2037 |
| Sublocalización o colección | R.21967 |
| Estatus retirado | Estado de pérdida | Estado de daño | No para préstamo | Biblioteca de origen | Biblioteca actual | Ubicación en estantería | Fecha de adquisición | Fuente de adquisición | Total de préstamos | Signatura topográfica completa | Código de barras | Visto por última vez | Precio de reemplazo | Tipo de ítem Koha |
|---|---|---|---|---|---|---|---|---|---|---|---|---|---|---|
| Biblioteca del Ateneo de Madrid | Biblioteca del Ateneo de Madrid | Depósito 2 | 17/01/2008 | E-2037 | 1083539 | 23/02/2023 | 23/02/2023 | Libro impreso |
